Increasing wealth, rising inequality and economic growth

Teórie o prepojení ekonomického rastu a príjmovej nerovnosti. Rast bohatstva a efekty rastúcej nerovnosti s ním spojené. Giniho koeficient, príjem na obyvateľa, daňové bremeno jednotlivca a závislosť týchto veličín.

Guardado en:
Detalles Bibliográficos
Autor principal: Pavelka, Ľuboš, 1962-
Otros Autores: Krchnák, Peter
Formato: Capítulo de libro
Lenguaje:inglés
Materias:
Etiquetas: Agregar Etiqueta
Sin Etiquetas, Sea el primero en etiquetar este registro!

MARC

LEADER 00000nla a2200000 4500
001 0211237
005 20240531130509.6
041 0 |a eng 
044 |a SK 
245 1 0 |a Increasing wealth, rising inequality and economic growth  |c Ľuboš Pavelka, Peter Krchnák 
520 |a Teórie o prepojení ekonomického rastu a príjmovej nerovnosti. Rast bohatstva a efekty rastúcej nerovnosti s ním spojené. Giniho koeficient, príjem na obyvateľa, daňové bremeno jednotlivca a závislosť týchto veličín. 
610 2 0 |a bohatstvo 
610 2 0 |a nerovnosť 
610 2 0 |a príjmy 
100 1 |a Pavelka, Ľuboš, 1962- 
700 1 |a Krchnák, Peter